000
00334nam a2200145Ia 4500
008
150201s2014 xx 000 0 und d
082
_a
610.7367
_b
M14P
100
_a
PANWAR, P.K.
245
_a
MEDICAL SURGICAL NURSING
250
_a
3RD
260
_b
AITBS
_a
INDIA
_c
2014
300
_a
396
650
_a
SURGERY
942
_2
ddc
_c
BK
_0
35
999
_c
2337
_d
2337